000 00597nam a2200217 i 4500
001 120728
003 ES-MaACL
005 20230906191618.0
007 t|
008 070214s1928 sp r ||||1| spa d
100 1 _aPolicard, A.
_992822
245 1 0 _aPrécis d'histologie physiologique /
_cpar A. Policard.
250 _adeuxième édition, revue et corrigée.
260 _aParis :
_bGaston Doin,
_c1928.
300 _a923 p. :
_bil. ;
_c21 cm.
490 1 _aTestut
650 4 _aHistología.
_9164981
830 0 _aTestut
_9184112
852 _aES-MaACL
_jB-9024
999 _c120728
_d120728